MLB Year in Review 2013 - Statistics

General Stats
  • This quiz has been taken 4 times
  • The average score is 17 of 25
Answer Stats
Category Answer % Correct
NL MVP (PIT) Andrew McCutchen
100%
World Series Winner Boston Red Sox
100%
Best Record (97 - 65) Boston Red Sox | St Louis Cardinals
100%
NL Cy Young (LAD) Clayton Kershaw
100%
ERA Leader (1.83 LAD) Clayton Kershaw
100%
NLCS Loser Los Angeles Dodgers
100%
AL Cy Young (DET) Max Scherzer
100%
Wins Leader (21 DET) Max Scherzer
100%
AL MVP (DET) Miguel Cabrera
100%
Batting Champion (.348 DET) Miguel Cabrera
100%
World Series Loser St Louis Cardinals
100%
Home Run Leader (53 BAL) Chris Davis
75%
RBI Leader (138 BAL) Chris Davis
75%
Name 1 HOF Inductee (DW) Deacon White
75%
WAR Leader (8.9 LAA) Mike Trout
75%
ALCS Loser Detroit Tigers
50%
Worst Record (51 - 111) Houston Astros
50%
NL Rookie of the Year (MIA) Jose Fernandez
50%
Doubles Leader (55 STL) Matt Carpenter
50%
Hits Leader (199 STL, TEX) Matt Carpenter | Adrian Beltre
50%
Saves Leader (50 BAL, ATL) Craig Kimbrel | Jim Johnson
25%
Strike Outs Leader (277 TEX) Yu Darvish
25%
Triples Leader (11 WSN) Denard Span
0%
Stolen Base Leader (52 BOS) Jacoby Ellsbury
0%
AL Rookie of the Year (TBR) Wil Myers
0%
No matching quizzes found
Score Distribution
Percent of People with Each Score
Percentile by Number Answered
Your Score History
You have not taken this quiz